Statistics for Cities from hints

Click here to take the quiz!

General Stats

  • This quiz has been taken 14 times
  • The average score is 7 of 15

Answer Stats

HintAnswer% Correct
Capital of West GermanyBonn
91%
Largest city in The NetherlandsRotterdam
82%
World most populated cityTokyo
82%
Second largest city in PakistanLahore
73%
Worlds highest city and one of the capital cities of BoliviaLa Paz
73%
Largest city in the Ivory CoastAbidjan
64%
Former capital of KazakhstanAlmaty
64%
Capital city of North DakotaBismarck
45%
Largest city cut off from the Russian mainlandKaliningrad
36%
City where PewDiePie is fromGothenburg
27%
Largest city in “Somaliland”Hargeisa
18%
City where the Apollo 11 took offOrlando
18%
Worlds most dangerous cityTijuana
18%
City with the worst air quality in the worldKanpur
9%
Worlds coldest cityYakutsk
9%

Score Distribution

Percentile by Number Answered

Percent of People with Each Score

Your Score History

You have not taken this quiz